000 01453cam a2200409 a 4500
001 14919722
003 OSt
005 20140310182751.0
008 070709s2007 ilua 001 0 eng
010 _a 2007028147
020 _a0071499040 (alk. paper)
020 _a9780071499040
040 _aDLC
_cDLC
_dDLC
050 0 0 _aPE 1271
_b.R992 2007
082 0 0 _aM 428.24
_222
_bR69 2007
100 1 _aRyder, Rory.
245 1 0 _a101 English verbs
_bThe art of conjugation
_cRyder, Rory
246 3 _aOne hundred and one English verbs
246 3 _aOne hundred one English verbs
260 _aChicago
_bMcGraw-Hill
_cc2007
300 _axx, 108 p.
_bcol. ill.
_c22 cm.
490 0 _a101 verbs
500 _aIncludes index.
521 _aCollege students
526 _c1210L-1700L
541 _j1
562 _e1
650 0 _aEnglish language
_xVerb.
650 0 _aEnglish language
_vTextbooks for foreign speakers.
700 1 _aGarnica, Francisco.
856 4 2 _3Contributor biographical information
_uhttp://www.loc.gov/catdir/enhancements/fy0735/2007028147-b.html
856 4 2 _3Publisher description
_uhttp://www.loc.gov/catdir/enhancements/fy0735/2007028147-d.html
856 4 1 _3Table of contents only
_uhttp://www.loc.gov/catdir/enhancements/fy0735/2007028147-t.html
906 _a7
_bcbc
_corignew
_d1
_eecip
_f20
_gy-gencatlg
942 _2lcc
_cBK
_kM
999 _c15752
_d15752